Antigüedad, edad media y surgimiento del estado moderno. (Record no. 3084)

MARC details
000 -CABECERA
campo de control de longitud fija 00538nam a2200169 a 4500
005 - FECHA Y HORA DE LA ÚLTIMA TRANSACCIÓN
campo de control 20240924070136.0
008 - ELEMENTOS DE LONGITUD FIJA--INFORMACIÓN GENERAL
campo de control de longitud fija 991125s1976 mx 000 0 spa u
035 ## - NÚMERO DE CONTROL DEL SISTEMA
Número de control de sistema UPN01000003084
049 ## - COLECCIÓN
Colección CG
050 #4 - SIGNATURA TOPOGRÁFICA DE LA BIBLIOTECA DEL CONGRESO
Número de clasificación JC131
Número de documento/Ítem A5.4
245 00 - MENCIÓN DE TÍTULO
Título Antigüedad, edad media y surgimiento del estado moderno.
260 ## - PUBLICACIÓN, DISTRIBUCIÓN, ETC.
Lugar de publicación, distribución, etc. [México] :
Nombre del editor, distribuidor, etc. UAM-Azcapotzalco, División de Ciencias Sociales y Humanidades
Fecha de publicación, distribución, etc. [1976?].
300 ## - DESCRIPCIÓN FÍSICA
Extensión 173 p.
500 ## - NOTA GENERAL
Nota general "Curso sobre doctrinas políticas y sociales I"
650 #4 - ASIENTO SECUNDARIO DE MATERIA - TERMINO TEMATICO
Término de materia o nombre geográfico como elemento de entrada Estado
Subdivisión general Historia
9 (RLIN) 23307
905 ## - TIPO DE MATERIAL
Tipo de material Libro
Holdings
Estado de retiro Estado de pérdida Fuente del sistema de clasificación o colocación Estado dañado No para préstamo Código de colección Localización permanente Ubicación/localización actual Ubicación en estantería Total de préstamos Clasificación Código de barras Fecha visto por última vez Número de copia Tipo de ítem Koha
    Library of Congress Classification     Colección General Bib. Gregorio Torres Quintero Bib. Gregorio Torres Quintero Planta baja   JC131 A5.4 2921 31/12/2020 1 Libro
    Library of Congress Classification     Colección General Bib. Gregorio Torres Quintero Bib. Gregorio Torres Quintero Planta baja 9 JC131 A5.4 3321 31/12/2020 1 Libro